000
00218nam a22000977a 4500
999
_c
168276
_d
168276
082
_a
_b
245
_a
Sarya Marsana Samgraha/
_c
by Madanva Acharya.
260
_a
New Delhi:
_b
Cosmo,
_c
1976.
650
_a
942
_c
BK